00508nam a2200169 a 450008200170000010000200001724500390003726000460007630000090012250000350013150500170016665000160018370000200019994200070021995200970022699900150032300a340.59bAHM2 aAhmad, Khurshid aStudies in the Family Law of Islam aKarachibChiragh-E-Rah Publicationsc1961 a254p aincludes index and biblioraphy2 abibliography aIslamic-Law1 aAhmad, Khurshid cBK 00104070aHMIbHMId2008-04-18g100.00l0o340.59 AHM2p02183r2008-04-18w2026-01-16yEB c2779d2779